| 000 | 00957nam a22002897a 4500 | ||
|---|---|---|---|
| 003 | CHAP | ||
| 005 | 20220329135803.0 | ||
| 008 | 971013s1965 r 00010 d | ||
| 010 | _a42129 | ||
| 011 | _a43101 | ||
| 035 | _a47237 | ||
| 040 | _cCHAP | ||
| 082 |
_a381.0972 _bM49 1961 |
||
| 110 |
_aMéxico. Dirección General de Estadística _976986 |
||
| 245 | _aCenso comercial (4o.) 1961 : datos de 1960 | ||
| 260 |
_aMéxico, D.F. : _bLa Dirección, _c1965 |
||
| 300 | _av | ||
| 590 |
_aBATCH-UPD _b10 _c20130110 _lUCH01 _h1556 |
||
| 590 |
_aBATCH-UPD _b10 _c20130410 _lUCH01 _h0953 |
||
| 590 |
_aBATCH-UPD _b10 _c20130914 _lUCH01 _h1013 |
||
| 590 |
_aCONVERSION _b10 _c20130109 _lUCH01 _h1323 |
||
| 650 | 1 | 4 |
_aComercio _xEstadísticas _zMéxico. _925589 |
| 901 | _aBK | ||
| 942 | _cLIBRO | ||
| 949 |
_a381.0972 M49 1961 _bBC _cC _d33724000515177 _eC _h8970 _i47237 _mD _si |
||
| 949 |
_a381.0972 M49 1961 _bBC _cLIBRO _d33724000439949 _eLIBRO _fc.2 _h13273 _i47237 _mD _si |
||
| 999 |
_c42129 _d42129 |
||